000 00579nam a2200217Ia 4500
003 OSt
005 20220928135948.0
006 a|||||r|||| 00| 0
007 ta
008 220927b |||||||| |||| 00| 0 eng d
024 _a5752
037 _cTextual
040 _aSDCL
_cSDCL
_beng
041 _2eng
_aeng
082 _aO-,2J64,17:g, L0
100 _aPhillips James E Ed.
_9493364
245 0 _aTwentieth century interpretation of Coriolanus.
260 _c1970
942 _hO-,2J64,17:g, L0
_cTEXL
_2CC
999 _c809176
_d809176